[Event "Madrid-ch sub-12"]
[Site "Madrid ESP"]
[Date "2016.04.17"]
[Round "4.3"]
[White "Reyes Penas, Sebastian"]
[Black "Coromina Martinez, David"]
[Result "1-0"]
[WhiteElo "1752"]
[BlackElo "1230"]
[PlyCount "61"]
[EventDate "2016.04.16"]
[EventType "swiss"]
[EventRounds "7"]
[EventCountry "ESP"]
[SourceTitle "Ajedrez en Madrid"]
[Source "lmi"]
[SourceDate "2016.04.16"]

1. e4 e5 2. Nf3 Nc6 3. Bc4 Nf6 4. d3 Bc5 5. Nc3 d6 6. Bg5 Be6 7. Nd5 Bxd5 8.
Bxd5 Qd7 9. Bxc6 Qxc6 10. O-O O-O-O 11. c3 Bb6 12. Qd2 h6 13. Bxf6 gxf6 14. Nh4
Kb8 15. Nf5 h5 16. a4 a6 17. b4 Qd7 18. c4 c6 19. Rab1 Ka8 20. b5 a5 21. bxc6
Qxc6 22. Ne7 Qc5 23. Rb5 Qc7 24. Nd5 Qc6 25. Nxb6+ Ka7 26. Qxa5+ Kb8 27. Qa8+
Kc7 28. Nd5+ Kd7 29. Rxb7+ Qxb7 30. Qxb7+ Ke8 31. Qe7# 1-0

[Event "Madrid-ch sub-12"]
[Site "Madrid ESP"]
[Date "2016.04.17"]
[Round "4.4"]
[White "Zhou, Lulu"]
[Black "Menendez Hernandez, Carlos"]
[Result "1/2-1/2"]
[WhiteElo "1565"]
[BlackElo "1485"]
[PlyCount "54"]
[EventDate "2016.04.16"]
[EventType "swiss"]
[EventRounds "7"]
[EventCountry "ESP"]
[SourceTitle "Ajedrez en Madrid"]
[Source "lmi"]
[SourceDate "2016.04.16"]

1. e4 c5 2. Nf3 Nc6 3. d4 cxd4 4. Nxd4 g6 5. c4 Bg7 6. Be3 Nf6 7. Nc3 O-O 8.
Be2 e6 9. O-O d5 10. exd5 exd5 11. cxd5 Nxd5 12. Nxc6 bxc6 13. Bd4 Nf4 14. Bxg7
Nxe2+ 15. Nxe2 Qxd1 16. Rfxd1 Kxg7 17. Rac1 Be6 18. b3 Bd5 19. Nf4 Rad8 20.
Nxd5 Rxd5 21. Rxd5 cxd5 22. Rc7 Ra8 23. Rd7 Rc8 24. g3 Rc2 25. Rxd5 Rxa2 26.
Rd7 Rb2 27. Rxa7 Rxb3 1/2-1/2

[Event "Madrid-ch sub-12"]
[Site "Madrid ESP"]
[Date "2016.04.17"]
[Round "4.5"]
[White "Alvarez Poves, Jesus"]
[Black "Fernandez Estremera, Fernando"]
[Result "0-1"]
[WhiteElo "1626"]
[BlackElo "1750"]
[PlyCount "134"]
[EventDate "2016.04.16"]
[EventType "swiss"]
[EventRounds "7"]
[EventCountry "ESP"]
[SourceTitle "Ajedrez en Madrid"]
[Source "lmi"]
[SourceDate "2016.04.16"]

1. d4 Nf6 2. c4 e6 3. Nc3 Bb4 4. Bd2 O-O 5. Nf3 d6 6. Qc2 Nbd7 7. e4 e5 8. d5
Nc5 9. Bd3 Bg4 10. h3 Bxf3 11. gxf3 Nh5 12. Ne2 Bxd2+ 13. Qxd2 Qf6 14. Qe3 Nf4
15. Nxf4 exf4 16. Qd2 Nxd3+ 17. Qxd3 Qxb2 18. O-O Qf6 19. Kh2 Rfe8 20. Rg1 g6
21. Rab1 b6 22. Qd2 h5 23. Rg2 Kh7 24. Rbg1 Rac8 25. Rg5 c6 26. Qd3 Qb2 27.
R1g2 Re5 28. Qb3 Qxb3 29. axb3 Rxg5 30. Rxg5 f6 31. Rg1 cxd5 32. exd5 Re8 33.
Ra1 Re7 34. Ra2 Kg7 35. Kg2 h4 36. Kf1 g5 37. b4 Kg6 38. b5 Kf5 39. Rc2 Kg6 40.
Ra2 Kh5 41. Rd2 f5 42. Kg2 Kg6 43. Kf1 Kf6 44. Ra2 Rc7 45. Rc2 Ke5 46. Ke2 Kd4
47. Rd2+ Kc3 48. Rd1 Rxc4 49. Ra1 Rc5 50. Rxa7 Rxb5 51. Rb7 Kd4 52. Rg7 Rxd5
53. Rxg5 b5 54. Kd2 Kc4+ 55. Kc1 b4 56. Rg8 Rb5 57. Kb2 d5 58. Rh8 d4 59. Rxh4
Rd5 60. Rxf4 Kb5 61. Kb3 Kc5 62. h4 Kd6 63. Kc2 Ke5 64. Rg4 fxg4 65. fxg4 d3+
66. Kd2 b3 67. h5 b2 0-1

[Event "Madrid-ch sub-12"]
[Site "Madrid ESP"]
[Date "2016.04.17"]
[Round "4.6"]
[White "Galan Garcia, Laura"]
[Black "Martinez Aragon, Aitor"]
[Result "0-1"]
[WhiteElo "1177"]
[BlackElo "1621"]
[PlyCount "76"]
[EventDate "2016.04.16"]
[EventType "swiss"]
[EventRounds "7"]
[EventCountry "ESP"]
[SourceTitle "Ajedrez en Madrid"]
[Source "lmi"]
[SourceDate "2016.04.16"]

1. e4 e6 2. Nc3 d5 3. Nf3 Nf6 4. e5 Nfd7 5. d4 c5 6. Bg5 Be7 7. Bb5 Bxg5 8. O-O
O-O 9. Ne2 Be7 10. Qd3 a6 11. Bxd7 Bxd7 12. h3 Bb5 13. Qe3 Bxe2 14. Qxe2 cxd4
15. Nxd4 Qb6 16. Nb3 Nc6 17. Qg4 Nxe5 18. Qg3 Bd6 19. Rab1 Rac8 20. c3 Ng6 21.
Qg4 Rc4 22. Qg5 Bf4 23. Qh5 Qd8 24. Qf3 Qg5 25. g3 Nh4 26. Qd3 Bb8 27. Nd2 Rc6
28. c4 dxc4 29. Nxc4 Nf5 30. Qb3 Rfc8 31. Nb6 Nxg3 32. Nxc8 Ne2+ 33. Kh1 Qf4
34. Kg2 Qh2+ 35. Kf3 Nd4+ 36. Ke3 Qf4+ 37. Kd3 Qf3+ 38. Kd2 Qe2# 0-1

[Event "Madrid-ch sub-12"]
[Site "Madrid ESP"]
[Date "2016.04.17"]
[Round "4.7"]
[White "Garcia Pardo, Celia"]
[Black "Dominguez Gonzalez, Jimena"]
[Result "1-0"]
[WhiteElo "1194"]
[BlackElo "1105"]
[PlyCount "143"]
[EventDate "2016.04.16"]
[EventType "swiss"]
[EventRounds "7"]
[EventCountry "ESP"]
[SourceTitle "Ajedrez en Madrid"]
[Source "lmi"]
[SourceDate "2016.04.16"]

1. e4 e5 2. Nf3 Nc6 3. Bc4 Bc5 4. d3 h6 5. Nc3 Nf6 6. O-O d6 7. h3 O-O 8. Be3
Bb4 9. Nd5 Be6 10. Nxb4 Nxb4 11. Bb3 Nc6 12. Nh4 Nxe4 13. Nf3 Nf6 14. c3 d5 15.
Re1 Bf5 16. a3 Re8 17. a4 Na5 18. Ba2 Qd6 19. b4 Nc6 20. Bb3 a5 21. Bc5 Qd7 22.
b5 Na7 23. Rxe5 Rxe5 24. Nxe5 Qc8 25. Qf3 c6 26. b6 Nb5 27. axb5 cxb5 28. Bd4
Be6 29. Qe2 a4 30. Ba2 Bf5 31. f4 Qe6 32. Qf3 Rd8 33. Rb1 Nh7 34. Rxb5 f6 35.
Bxd5 Rxd5 36. Qxd5 Qxd5 37. Rxd5 fxe5 38. Bxe5 Nf8 39. Bd6 Ne6 40. Rxf5 Kh7 41.
Rf7 Nd8 42. Rd7 Nc6 43. Rxb7 Na5 44. Ra7 Nc6 45. Rxa4 Kg8 46. b7 g5 47. fxg5
hxg5 48. Rb4 g4 49. b8=Q+ Nxb8 50. Rxb8+ Kf7 51. Rb5 gxh3 52. gxh3 Ke6 53. Rg5
Kd7 54. h4 Ke6 55. h5 Kf6 56. Be7+ Kxe7 57. h6 Kf6 58. h7 Kxg5 59. h8=Q Kf5 60.
Qd4 Ke6 61. Qc5 Kf6 62. Qd5 Kg6 63. Qe5 Kf7 64. Qd6 Kg7 65. Qe6 Kh8 66. Qd7 Kg8
67. Kg2 Kf8 68. Kg3 Kg8 69. Kg4 Kf8 70. Kg5 Kg8 71. Kg6 Kh8 72. Qg7# 1-0

[Event "Madrid-ch sub-12"]
[Site "Madrid ESP"]
[Date "2016.04.23"]
[Round "5.1"]
[White "Reyes Penas, Sebastian"]
[Black "Ingunza Curro, Andres"]
[Result "1/2-1/2"]
[WhiteElo "1752"]
[BlackElo "1579"]
[PlyCount "116"]
[EventDate "2016.04.16"]
[EventType "swiss"]
[EventRounds "7"]
[EventCountry "ESP"]
[SourceTitle "Ajedrez en Madrid"]
[Source "lmi"]
[SourceDate "2016.04.16"]

1. e4 c5 2. Nf3 d6 3. d4 cxd4 4. Nxd4 Nf6 5. Nc3 g6 6. g3 Bg7 7. Bg2 O-O 8. O-O
Nc6 9. Nde2 Bd7 10. h3 Rc8 11. a4 a6 12. Be3 Na5 13. b3 b5 14. Qd2 Qc7 15. Ra2
b4 16. Nd5 Nxd5 17. exd5 Rb8 18. Bd4 Bxd4 19. Qxd4 e5 20. dxe6 Bxe6 21. Nf4 Nc6
22. Qe4 Nd8 23. g4 Re8 24. Nd5 Qc5 25. Nf6+ Kf8 26. Nxe8 Kxe8 27. Raa1 Qe5 28.
Qxe5 dxe5 29. Rfe1 f6 30. Rad1 Rc8 31. Be4 f5 32. gxf5 gxf5 33. Bxf5 Bxf5 34.
Rxe5+ Be6 35. Rxd8+ Kxd8 36. Rxe6 Rxc2 37. Rxa6 Rb2 38. Rh6 Rxb3 39. Rxh7 Ra3
40. Rh4 Rxa4 41. Rg4 Ra1+ 42. Kg2 b3 43. Rb4 Rb1 44. h4 Ke7 45. f4 b2 46. h5
Kf6 47. h6 Kg6 48. Rb6+ Kh7 49. f5 Rc1 50. Rxb2 Kxh6 51. Rf2 Rc7 52. Kf3 Rc4
53. Ke3 Kg7 54. Kd3 Ra4 55. Ke3 Kf6 56. Kd3 Ra5 57. Ke4 Re5+ 58. Kd4 Rxf5
1/2-1/2

[Event "Madrid-ch sub-12"]
[Site "Madrid ESP"]
[Date "2016.04.23"]
[Round "5.2"]
[White "Guillo Longares, Cecilia"]
[Black "Doval Mancheno, Pablo"]
[Result "1-0"]
[WhiteElo "1904"]
[BlackElo "1630"]
[PlyCount "73"]
[EventDate "2016.04.16"]
[EventType "swiss"]
[EventRounds "7"]
[EventCountry "ESP"]
[SourceTitle "Ajedrez en Madrid"]
[Source "lmi"]
[SourceDate "2016.04.16"]

1. d4 Nf6 2. c4 e6 3. Nc3 Bb4 4. Qc2 d6 5. a3 Bxc3+ 6. Qxc3 Nbd7 7. Nf3 b6 8.
g3 Bb7 9. Bg2 O-O 10. O-O a5 11. b3 Ne4 12. Qc2 f5 13. Bb2 Ndf6 14. Ne1 Nd7 15.
Nd3 c5 16. Nf4 Qe7 17. d5 e5 18. Ne6 Rf7 19. f3 Nef6 20. Ng5 Rff8 21. Qxf5 Kh8
22. Qe6 Ng8 23. f4 Rf6 24. Qxe7 Nxe7 25. Ne4 Rff8 26. Nxd6 Ba6 27. fxe5 Ng6 28.
e6 Nf6 29. Nf7+ Rxf7 30. exf7 Nd7 31. e4 a4 32. e5 axb3 33. Rac1 Rd8 34. d6
Ndf8 35. Bd5 Bc8 36. Rce1 Ne6 37. Re3 1-0

[Event "Madrid-ch sub-12"]
[Site "Madrid ESP"]
[Date "2016.04.23"]
[Round "5.3"]
[White "Martinez Aragon, Aitor"]
[Black "Zhou, Lulu"]
[Result "1/2-1/2"]
[WhiteElo "1621"]
[BlackElo "1565"]
[PlyCount "124"]
[EventDate "2016.04.16"]
[EventType "swiss"]
[EventRounds "7"]
[EventCountry "ESP"]
[SourceTitle "Ajedrez en Madrid"]
[Source "lmi"]
[SourceDate "2016.04.16"]

1. b3 e5 2. Bb2 d6 3. e3 Nf6 4. c4 g6 5. Be2 Bg7 6. Nf3 Nc6 7. d4 exd4 8. Nxd4
Ne5 9. Nc3 O-O 10. O-O a6 11. h3 Re8 12. Rc1 Ned7 13. Nf3 Nc5 14. b4 Ncd7 15.
Qb3 a5 16. a3 axb4 17. axb4 Qe7 18. Nb5 Nb6 19. Rfd1 Bd7 20. c5 dxc5 21. bxc5
Be6 22. Qc2 Bf5 23. Bd3 Bxd3 24. Rxd3 Nbd5 25. Qb3 c6 26. Nd6 Red8 27. Rcd1 b6
28. Ne5 bxc5 29. Nxc6 Qxd6 30. Nxd8 Rxd8 31. Bxf6 Bxf6 32. Rxd5 Qc7 33. Rxd8+
Bxd8 34. Qa4 Bf6 35. Qc4 Be7 36. Rc1 Qb6 37. Kf1 Qd6 38. Qa4 Qd3+ 39. Kg1 Qd8
40. Rd1 Qb8 41. Ra1 Kg7 42. Qc2 Qc7 43. f4 c4 44. Qe4 Bf6 45. Rc1 c3 46. g4 g5
47. Kg2 h6 48. fxg5 hxg5 49. Qf5 Qb7+ 50. Kg1 Qb6 51. Kf2 Qa7 52. Ke2 Qa2+ 53.
Qc2 Qc4+ 54. Qd3 Qc6 55. e4 Qc7 56. Rf1 Qb8 57. Kd1 Qa7 58. Rf5 Qa1+ 59. Kc2
Qa2+ 60. Kc1 Qb2+ 61. Kd1 Qa1+ 62. Ke2 Qb2+ 1/2-1/2

[Event "Madrid-ch sub-12"]
[Site "Madrid ESP"]
[Date "2016.04.23"]
[Round "5.4"]
[White "Fernandez Estremera, Fernando"]
[Black "Menendez Hernandez, Carlos"]
[Result "1-0"]
[WhiteElo "1750"]
[BlackElo "1485"]
[PlyCount "105"]
[EventDate "2016.04.16"]
[EventType "swiss"]
[EventRounds "7"]
[EventCountry "ESP"]
[SourceTitle "Ajedrez en Madrid"]
[Source "lmi"]
[SourceDate "2016.04.16"]

1. d4 Nf6 2. c4 g6 3. Nc3 Bg7 4. e4 d6 5. Nf3 O-O 6. Be2 Nbd7 7. Qc2 e5 8. O-O
exd4 9. Nxd4 Re8 10. Bg5 h6 11. Be3 Qe7 12. f3 Ne5 13. Nd5 Nxd5 14. cxd5 c6 15.
dxc6 bxc6 16. Nxc6 Nxc6 17. Qxc6 Rb8 18. Rab1 Rxb2 19. Rxb2 Bxb2 20. Bxh6 Bd4+
21. Kh1 Bd7 22. Qd5 Bc5 23. Bg5 Be6 24. Qxc5 dxc5 25. Bxe7 Rxe7 26. a4 Rc7 27.
Bb5 Bd7 28. Bxd7 Rxd7 29. Rc1 Kg7 30. Kg1 Rc7 31. Kf2 Kf6 32. Ke3 Ke5 33. Rd1
g5 34. g3 f6 35. Rd5+ Ke6 36. Kd3 c4+ 37. Kc3 Rh7 38. Rd2 Rc7 39. Kb4 Ke5 40.
Rd5+ Ke6 41. Kc3 Rh7 42. Rd2 Rc7 43. f4 g4 44. Kb4 c3 45. Rc2 Rc6 46. Rxc3 Rb6+
47. Ka3 a5 48. Rc5 Ra6 49. Kb3 Rb6+ 50. Rb5 Ra6 51. Kc4 Ra8 52. Rb6+ Ke7 53.
Kb5 1-0

[Event "Madrid-ch sub-12"]
[Site "Madrid ESP"]
[Date "2016.04.23"]
[Round "5.5"]
[White "Coromina Martinez, David"]
[Black "Estevez Sacristan, Deva"]
[Result "0-1"]
[WhiteElo "1230"]
[BlackElo "1642"]
[PlyCount "110"]
[EventDate "2016.04.16"]
[EventType "swiss"]
[EventRounds "7"]
[EventCountry "ESP"]
[SourceTitle "Ajedrez en Madrid"]
[Source "lmi"]
[SourceDate "2016.04.16"]

1. e4 e6 2. d4 d5 3. Nc3 Nf6 4. e5 Nfd7 5. f4 c5 6. Nf3 Nc6 7. Be3 Be7 8. Qd2
a6 9. g3 c4 10. a3 b5 11. b4 Qb6 12. Ne2 a5 13. c3 axb4 14. cxb4 Nxb4 15. axb4
Rxa1+ 16. Kf2 Ra4 17. Nc3 Rxb4 18. f5 Rb3 19. fxe6 fxe6 20. Bg2 b4 21. Ne2 Rd3
22. Qb2 Ra3 23. Rb1 Qa6 24. Qc2 c3 25. Nc1 Qa4 26. Ne1 Qxc2+ 27. Nxc2 Ra4 28.
Bf1 O-O+ 29. Kg2 Ba6 30. Bxa6 Rxa6 31. Rb3 Ra4 32. Rb1 Nb6 33. Nd3 Ra2 34. Nde1
Nc4 35. Bc1 Nd2 36. Ra1 Rxa1 37. Nxa1 b3 38. Nd3 Ra8 39. Nxb3 Nxb3 40. Be3 Ra2+
41. Kf3 Nd2+ 42. Kg4 Nc4 43. Bc1 Ba3 44. Bf4 h6 45. h4 c2 46. Kf3 Ra1 47. Nc5
Bxc5 48. dxc5 Nxe5+ 49. Bxe5 c1=Q 50. Kg4 Ra4+ 51. Kf3 Qd1+ 52. Kg2 Ra2+ 53.
Kh3 Qf3 54. c6 Ra4 55. c7 Qh1# 0-1

[Event "Madrid-ch sub-12"]
[Site "Madrid ESP"]
[Date "2016.04.23"]
[Round "5.6"]
[White "Alvarez Poves, Jesus"]
[Black "Garcia Pardo, Celia"]
[Result "1-0"]
[WhiteElo "1626"]
[BlackElo "1194"]
[PlyCount "145"]
[EventDate "2016.04.16"]
[EventType "swiss"]
[EventRounds "7"]
[EventCountry "ESP"]
[SourceTitle "Ajedrez en Madrid"]
[Source "lmi"]
[SourceDate "2016.04.16"]

1. d4 d5 2. c4 c6 3. Nf3 Nf6 4. Nc3 e6 5. Bd2 Nbd7 6. c5 e5 7. e3 e4 8. Ng1 b6
9. b4 a5 10. a3 Ba6 11. Bxa6 Rxa6 12. Nge2 Be7 13. O-O O-O 14. Nf4 Qc7 15. Qb3
Rfa8 16. Qb2 Nf8 17. Rfb1 Ng6 18. Nfe2 Ng4 19. g3 Qd7 20. cxb6 Rxb6 21. Na4 Qf5
22. Nf4 Rbb8 23. Qc2 axb4 24. axb4 Ra6 25. Nc5 Rxa1 26. Rxa1 Nxf4 27. exf4 Qh5
28. h4 h6 29. Ra7 g5 30. Rxe7 gxh4 31. Bc3 hxg3 32. fxg3 Kf8 33. Nd7+ Kxe7 34.
Nxb8 Kd6 35. b5 cxb5 36. Bb4+ Ke6 37. Qc6+ Kf5 38. Qxd5+ Kg6 39. Qxh5+ Kxh5 40.
Nc6 Nf6 41. Na7 Kg4 42. Kg2 Nd5 43. Be1 b4 44. Nb5 b3 45. Nc3 b2 46. Nb1 f6 47.
Bc3 Nxc3 48. Nxc3 Kf5 49. Kf2 Ke6 50. Ke3 f5 51. Kd2 h5 52. Kc2 b1=Q+ 53. Kxb1
Kd6 54. Kb2 Ke6 55. Kb3 Kd6 56. Kb4 Kc6 57. Kc4 Kd6 58. d5 Kd7 59. Kd4 Kd6 60.
Ne2 e3 61. Nc3 Kd7 62. Kxe3 Ke7 63. Kd4 Kd6 64. Nb5+ Kd7 65. Ke5 Ke7 66. Kxf5
Kf7 67. d6 Kf8 68. Ke6 Ke8 69. d7+ Kd8 70. f5 h4 71. f6 hxg3 72. f7 g2 73.
f8=Q# 1-0

[Event "Madrid-ch sub-12"]
[Site "Madrid ESP"]
[Date "2016.04.24"]
[Round "6.1"]
[White "Ingunza Curro, Andres"]
[Black "Zhou, Lulu"]
[Result "1/2-1/2"]
[WhiteElo "1579"]
[BlackElo "1565"]
[PlyCount "114"]
[EventDate "2016.04.16"]
[EventType "swiss"]
[EventRounds "7"]
[EventCountry "ESP"]
[SourceTitle "Ajedrez en Madrid"]
[Source "lmi"]
[SourceDate "2016.04.16"]

1. e4 e5 2. Nf3 Nc6 3. Bc4 Bc5 4. O-O Nf6 5. d4 Bxd4 6. Nxd4 Nxd4 7. f4 Nc6 8.
Bxf7+ Kxf7 9. fxe5 Nxe5 10. Qd5+ Kf8 11. Qxe5 d6 12. Qd4 Kf7 13. Bg5 h6 14.
Bxf6 gxf6 15. Nc3 Kg7 16. Rf2 Rf8 17. Raf1 c6 18. Rf3 Qb6 19. Qf2 Qxf2+ 20.
R1xf2 Be6 21. Rd3 Rad8 22. Rfd2 f5 23. Rxd6 Rxd6 24. Rxd6 Re8 25. Kf2 fxe4 26.
Nxe4 Bc4 27. Nc3 Re7 28. Rd4 Ba6 29. Re4 Rf7+ 30. Ke3 Rf1 31. b4 Re1+ 32. Kd2
Rxe4 33. Nxe4 Bc4 34. a4 b6 35. g3 Kg6 36. Ke3 Be6 37. Kf4 Bf5 38. h4 h5 39. c3
Be6 40. Nd2 Bd5 41. c4 Be6 42. Ke5 Bf7 43. c5 bxc5 44. bxc5 Bd5 45. Ne4 Kg7 46.
Kf5 Kh6 47. Nf6 Bf3 48. g4 hxg4 49. Nxg4+ Kh5 50. Ne5 Bd5 51. Kf6 Kxh4 52. Ke7
a5 53. Nd3 Kg3 54. Kd7 Kf3 55. Kc7 Ke3 56. Nb2 Kd4 57. Kb6 Bf3 1/2-1/2

[Event "Madrid-ch sub-12"]
[Site "Madrid ESP"]
[Date "2016.04.24"]
[Round "6.2"]
[White "Guillo Longares, Cecilia"]
[Black "Reyes Penas, Sebastian"]
[Result "1/2-1/2"]
[WhiteElo "1904"]
[BlackElo "1752"]
[PlyCount "176"]
[EventDate "2016.04.16"]
[EventType "swiss"]
[EventRounds "7"]
[EventCountry "ESP"]
[SourceTitle "Ajedrez en Madrid"]
[Source "lmi"]
[SourceDate "2016.04.16"]

1. d4 Nf6 2. c4 e6 3. Nc3 Bb4 4. Qc2 b6 5. a3 Bxc3+ 6. Qxc3 Bb7 7. Nf3 d6 8. g3
Nbd7 9. Bg2 a5 10. b3 O-O 11. O-O Qe8 12. Bb2 Ne4 13. Qc2 f5 14. Ne1 e5 15. e3
Qe6 16. Nd3 Rac8 17. Rad1 c5 18. d5 Qh6 19. Nc1 Ndf6 20. f3 Ng5 21. h4 Nf7 22.
Qxf5 Qxe3+ 23. Kh2 Rce8 24. Nd3 Bc8 25. Bc1 Qe2 26. Qxc8 Rxc8 27. Rd2 Qe3 28.
Rdd1 Qd4 29. Bb2 Qe3 30. Bc1 Qe2 31. Rd2 Qxd2 32. Bxd2 Rce8 33. Re1 Rb8 34. a4
Rbe8 35. Nf2 e4 36. Nxe4 Nxe4 37. fxe4 Ne5 38. Bf4 g6 39. Rf1 Kg7 40. Re1 h6
41. Kh3 Rh8 42. Rf1 g5 43. Bxe5+ Rxe5 44. h5 Rf8 45. Rxf8 Kxf8 46. Kg4 Kg7 47.
Kf3 Kf6 48. Bh3 Re8 49. Bf5 Ke5 50. Ke3 Rf8 51. g4 Rf6 52. Kd3 Kf4 53. Kd2 Kf3
54. Kd3 Kf2 55. Kd2 Rf8 56. Kd3 Ke1 57. Ke3 Re8 58. Bg6 Re7 59. Bf5 Kd1 60. Kd3
Ke1 61. Ke3 Kf1 62. Kf3 Re5 63. Bg6 Ke1 64. Ke3 Re7 65. Bf5 Kf1 66. Kf3 Re8 67.
Bg6 Re5 68. Bf5 Ke1 69. Ke3 Kd1 70. Kd3 Kc1 71. Kc3 Kb1 72. Bg6 Ka2 73. Kc2 Ka3
74. Kc3 Re7 75. Kc2 Kb4 76. Kb2 Re5 77. Kc2 Re7 78. Kb2 Rd7 79. Kc2 Rd8 80. Kb2
Rf8 81. Bf5 Rf6 82. Kc2 Ka3 83. Kc3 Ka2 84. Kc2 Ka1 85. Kc3 Rf8 86. Kc2 Re8 87.
Bg6 Re5 88. Kc1 Ka2 1/2-1/2

[Event "Madrid-ch sub-12"]
[Site "Madrid ESP"]
[Date "2016.04.24"]
[Round "6.3"]
[White "Estevez Sacristan, Deva"]
[Black "Fernandez Estremera, Fernando"]
[Result "0-1"]
[WhiteElo "1642"]
[BlackElo "1750"]
[PlyCount "100"]
[EventDate "2016.04.16"]
[EventType "swiss"]
[EventRounds "7"]
[EventCountry "ESP"]
[SourceTitle "Ajedrez en Madrid"]
[Source "lmi"]
[SourceDate "2016.04.16"]

1. e4 c5 2. Nf3 e6 3. d4 cxd4 4. Nxd4 a6 5. Nc3 Qc7 6. Bd3 Nf6 7. O-O d6 8. Be3
Nbd7 9. f4 b5 10. a3 Nc5 11. Qe2 Bb7 12. Bd2 Be7 13. Rae1 Qb6 14. Qf2 Nxd3 15.
cxd3 Ng4 16. Qg3 Qxd4+ 17. Kh1 h5 18. b4 Qf6 19. h3 Nh6 20. Ne2 Kd7 21. Qf2 Bd8
22. Bc3 e5 23. Qe3 Qe6 24. fxe5 dxe5 25. Qg3 Bc7 26. Qe3 f6 27. Rd1 Ke7 28. Ng3
h4 29. Ne2 Bb6 30. Qd2 Rad8 31. Qe1 Nf7 32. Rf5 Nd6 33. Rf1 Nf7 34. Rf5 g6 35.
Rf1 Ng5 36. Ng1 Rc8 37. Bd2 Nf7 38. Nf3 g5 39. Kh2 Qb3 40. Bc1 Rc2 41. Rd2 Rhc8
42. Rxc2 Rxc2 43. Qd1 Qa2 44. Ne1 Rf2 45. Rxf2 Qxf2 46. Nf3 Bc8 47. Bd2 Bxh3
48. Ne1 Bg4 49. Qxg4 Qg1+ 50. Kh3 Qh1# 0-1

[Event "Madrid-ch sub-12"]
[Site "Madrid ESP"]
[Date "2016.04.24"]
[Round "6.4"]
[White "Doval Mancheno, Pablo"]
[Black "Alvarez Poves, Jesus"]
[Result "1-0"]
[WhiteElo "1630"]
[BlackElo "1626"]
[PlyCount "119"]
[EventDate "2016.04.16"]
[EventType "swiss"]
[EventRounds "7"]
[EventCountry "ESP"]
[SourceTitle "Ajedrez en Madrid"]
[Source "lmi"]
[SourceDate "2016.04.16"]

1. e4 c5 2. Nf3 Nc6 3. d4 cxd4 4. Nxd4 g6 5. Nc3 Bg7 6. Nb3 Nf6 7. Be2 a6 8. a3
d6 9. O-O O-O 10. Bg5 Nd7 11. Kh1 b5 12. f4 Nb6 13. Rb1 Bb7 14. Nd5 Kh8 15. Na5
Nxd5 16. Nxb7 Qc7 17. exd5 Na7 18. Nxd6 exd6 19. c3 f6 20. Bh4 Rae8 21. Bf2 Bh6
22. Bd4 Nc8 23. Bg4 Nb6 24. Bxb6 Qxb6 25. Be6 Qe3 26. Qf3 Qxf3 27. Rxf3 Re7 28.
g3 Rc7 29. Re1 f5 30. Rfe3 Bg7 31. Kg2 Re8 32. Bxf5 Rxe3 33. Rxe3 Bd4 34. Re8+
Kg7 35. Be6 Bf6 36. g4 g5 37. Rc8 Rxc8 38. Bxc8 a5 39. Kf3 gxf4 40. Kxf4 h6 41.
Kf5 Kf7 42. Bd7 b4 43. axb4 axb4 44. cxb4 Bxb2 45. b5 Bd4 46. h3 Bf2 47. Bc6
Be3 48. h4 Bf2 49. g5 hxg5 50. hxg5 Bc5 51. g6+ Kg7 52. Ke6 Kxg6 53. Kd7 Kf7
54. Kc7 Bb4 55. b6 Ba5 56. Kb7 Bb4 57. Kc8 Bc5 58. b7 Ba7 59. b8=Q Bxb8 60.
Kxb8 1-0

[Event "Madrid-ch sub-12"]
[Site "Madrid ESP"]
[Date "2016.04.24"]
[Round "6.5"]
[White "Coromina Martinez, David"]
[Black "Martinez Aragon, Aitor"]
[Result "0-1"]
[WhiteElo "1230"]
[BlackElo "1621"]
[PlyCount "104"]
[EventDate "2016.04.16"]
[EventType "swiss"]
[EventRounds "7"]
[EventCountry "ESP"]
[SourceTitle "Ajedrez en Madrid"]
[Source "lmi"]
[SourceDate "2016.04.16"]

1. e4 e6 2. d4 d5 3. Nc3 Nf6 4. e5 Nfd7 5. f4 c5 6. Nf3 Nc6 7. Be3 a6 8. Qd2
Be7 9. dxc5 Bxc5 10. Bxc5 Nxc5 11. Nd4 Nxd4 12. Qxd4 Qc7 13. f5 Nd7 14. fxe6
fxe6 15. O-O-O Qxe5 16. Qxe5 Nxe5 17. Nxd5 exd5 18. Re1 Ke7 19. Rxe5+ Kd6 20.
Rg5 g6 21. Bd3 Be6 22. Rd1 Rac8 23. Be4 Rc5 24. Kb1 Kc6 25. Bf3 Bf5 26. Rd2 Re8
27. Be2 Bxc2+ 28. Rxc2 Rxc2 29. Kxc2 Rxe2+ 30. Kc1 Kc5 31. Rg4 d4 32. Rg5+ Kc4
33. Rg3 Re3 34. Rxe3 dxe3 35. Kc2 b5 36. g3 g5 37. g4 a5 38. h3 h6 39. b3+ Kd4
40. a3 b4 41. axb4 axb4 42. Kd1 Kd3 43. Ke1 e2 44. h4 gxh4 45. g5 hxg5 46. Kf2
Kd2 47. Kg2 e1=Q 48. Kh2 Qg3+ 49. Kh1 Qg4 50. Kh2 Ke2 51. Kh1 Kf2 52. Kh2 Qg2#
0-1

[Event "Madrid-ch sub-12"]
[Site "Madrid ESP"]
[Date "2016.04.24"]
[Round "6.6"]
[White "Menendez Hernandez, Carlos"]
[Black "Garcia Pardo, Celia"]
[Result "1-0"]
[WhiteElo "1485"]
[BlackElo "1194"]
[PlyCount "121"]
[EventDate "2016.04.16"]
[EventType "swiss"]
[EventRounds "7"]
[EventCountry "ESP"]
[SourceTitle "Ajedrez en Madrid"]
[Source "lmi"]
[SourceDate "2016.04.16"]

1. e4 e5 2. Nf3 Nc6 3. Bc4 Bc5 4. O-O Nf6 5. Nc3 O-O 6. d3 h6 7. Nd5 d6 8. h3
Be6 9. Be3 Bb6 10. Nxb6 axb6 11. Bxe6 fxe6 12. c3 d5 13. Qc2 d4 14. cxd4 exd4
15. Bf4 Nxe4 16. Bxc7 Qxc7 17. dxe4 Rfe8 18. Nxd4 Qd7 19. Nxc6 Qxc6 20. Qxc6
bxc6 21. a3 e5 22. Rad1 Kf7 23. Rd6 Re6 24. Rxe6 Kxe6 25. f4 Rf8 26. f5+ Kd6
27. b4 Kc7 28. Rd1 Rd8 29. Rxd8 Kxd8 30. Kf2 b5 31. g4 Ke7 32. Ke3 Ke8 33. h4
Ke7 34. Kd3 Kd7 35. Kc3 Kc7 36. Kb3 Kb6 37. a4 bxa4+ 38. Kxa4 Kc7 39. Kb3 Kd7
40. Kc4 Kd6 41. g5 hxg5 42. hxg5 Kd7 43. f6 gxf6 44. gxf6 Ke6 45. f7 Kxf7 46.
Kc5 Ke7 47. Kxc6 Ke6 48. b5 Kf6 49. b6 Kg5 50. b7 Kf4 51. Kd5 Kf3 52. b8=Q Kf2
53. Qxe5 Ke3 54. Qg3+ Kd2 55. Kd4 Ke2 56. Qe3+ Kf1 57. Qd2 Kg1 58. Qe2 Kh1 59.
Ke3 Kg1 60. Kf3 Kh1 61. Qg2# 1-0

[Event "Madrid-ch sub-12"]
[Site "Madrid ESP"]
[Date "2016.04.24"]
[Round "6.7"]
[White "Galan Garcia, Laura"]
[Black "Dominguez Gonzalez, Jimena"]
[Result "0-1"]
[WhiteElo "1177"]
[BlackElo "1105"]
[PlyCount "28"]
[EventDate "2016.04.16"]
[EventType "swiss"]
[EventRounds "7"]
[EventCountry "ESP"]
[SourceTitle "Ajedrez en Madrid"]
[Source "lmi"]
[SourceDate "2016.04.16"]

1. e4 e5 2. Nf3 Nc6 3. Nc3 Nf6 4. Bc4 Bb4 5. d3 Bxc3+ 6. bxc3 d5 7. exd5 Nxd5
8. Bb2 Bg4 9. O-O O-O 10. d4 e4 11. h3 exf3 12. gxf3 Bxh3 13. Re1 Qg5+ 14. Kh2
Qg2# 0-1

[Event "Madrid-ch sub-12"]
[Site "Madrid ESP"]
[Date "2016.04.24"]
[Round "7.1"]
[White "Martinez Aragon, Aitor"]
[Black "Ingunza Curro, Andres"]
[Result "0-1"]
[WhiteElo "1621"]
[BlackElo "1579"]
[PlyCount "94"]
[EventDate "2016.04.16"]
[EventType "swiss"]
[EventRounds "7"]
[EventCountry "ESP"]
[SourceTitle "Ajedrez en Madrid"]
[Source "lmi"]
[SourceDate "2016.04.16"]

1. b3 e5 2. Bb2 Nc6 3. e3 Nf6 4. Bb5 Bd6 5. Ne2 O-O 6. O-O a6 7. Bxc6 dxc6 8.
h3 Re8 9. d3 b6 10. Nd2 Bb7 11. Ng3 c5 12. e4 b5 13. Nf5 g6 14. Ne3 Nh5 15. Nf3
c6 16. Ng4 Qc7 17. Qd2 Bc8 18. Nfh2 Bf8 19. Bc1 Qe7 20. Qg5 Qxg5 21. Bxg5 Bg7
22. Bd2 Nf4 23. g3 Ne2+ 24. Kg2 a5 25. Rae1 Nd4 26. c3 Nc2 27. Rc1 Na3 28. Be3
h5 29. Nh6+ Bxh6 30. Bxh6 c4 31. dxc4 bxc4 32. bxc4 Nxc4 33. Rfd1 Be6 34. Nf3
f6 35. Be3 Nxe3+ 36. fxe3 Bxa2 37. Rd6 Re6 38. Rcd1 Kf7 39. Rxe6 Kxe6 40. Nd2
Rd8 41. Kf2 Bb3 42. Nxb3 Rxd1 43. Ke2 Rh1 44. Kf3 Kd6 45. c4 a4 46. c5+ Ke6 47.
Na5 a3 0-1